| 000 | 00721cab a2200253 4500 | ||
|---|---|---|---|
| 001 | WB3333-65 | ||
| 008 | 090401t1997 xxu||||| |||| 00| 0 eng d | ||
| 035 | _a(Sirsi) u80401 | ||
| 041 | _aeng | ||
| 245 | _aGreen pound compensation | ||
| 260 | _c1997 | ||
| 350 | _a0 | ||
| 490 |
_aFinancial Times _v21 August 1997, 7 |
||
| 490 |
_aMAFF News Release _v(242/97) 21 August 1997 (3) |
||
| 520 | _aFarmers have stepped up demands for compensation, following the fourth revaluation of the green pound this year. | ||
| 650 | _aEUROPEAN UNION | ||
| 650 | _aFARM INCOMES | ||
| 650 | _aGREEN POUND | ||
| 650 | _aREVALUATION | ||
| 650 | _aSTERLING | ||
| 690 | _aRURAL PRACTICE | ||
| 942 | _n0 | ||
| 948 | _c21/08/1997 | ||
| 999 |
_c50627 _d50627 |
||